000 00433nam a2200157 i 4500
001 97799
003 ES-MaACL
005 20230906182149.0
007 t|
008 050718s1972 sp ||||1| spa d
100 1 _aMarín Correa, Manuel.
_976782
245 1 0 _aHistoria de las Artes /
_cManuel Marín Correa.
260 _aBarcelona :
_bMarín,
_c1972.
300 _a3 v. :
_bil. ;
_c27 cm.
852 _aES-MaACL
_jC-47732-4
_bR.84151
999 _c97799
_d97799